| 000 | 01522cac a2200349 i 4500 | ||
|---|---|---|---|
| 003 | EG-GICUC | ||
| 005 | 20260121101517.0 | ||
| 008 | 100817s2011 enk frb 001 0 eng d | ||
| 020 |
_a9781409409168 _qhardback : alk. paper |
||
| 020 |
_a9781409409175 _qebook |
||
| 040 |
_aDLC _cDLC _dDLC _dEG-GICUC _beng _erda |
||
| 050 | 0 | 0 |
_aKZ7379 _b.J87 2011 |
| 082 | 0 | 0 |
_a341.71 _221 |
| 092 | 0 | 4 | _221 |
| 099 | _aLaw 10 2011 | ||
| 100 | 1 | _aJurdi, Nidal Nabil. | |
| 245 | 1 | 4 |
_aThe International Criminal Court and national courts : _ba contentious relationship / _cNidal Nabil Jurdi. |
| 264 |
_aFarnham, Surrey, England ; _aBurlington, VT : _bAshgate, _c2011. |
||
| 300 |
_axxiii, 303 page ; _c24 cm. |
||
| 336 |
_atext _btxt _2rdacontent |
||
| 337 |
_aunmediated _bn _2rdamedia |
||
| 338 |
_avolume _bnc _2rdacarrier |
||
| 490 | 0 | _aInternational and comparative criminal justice | |
| 504 | _aIncludes bibliographical references (p. [269]-295) and index. | ||
| 505 | 0 | _aHistory and legal background of the principle of complementarity -- Complementarity in abstract -- Possible de jure and de facto hurdles to complementarity -- Complementarity and state referral : The North Uganda situation -- Complementarity and Security Council referral : the Darfur situation. | |
| 610 | 2 | 0 | _aInternational Criminal Court. |
| 650 | 0 | _aComplementarity (International law) | |
| 650 | 0 | _aInternational and municipal law. | |
| 856 | 4 | 0 | _uhttps://fll.law.cu.edu.eg/fulltext/bks/ENGB10-00053.pdf |
| 905 | _a10 | ||
| 942 |
_2ddc _cBK _e21 _n0 |
||
| 999 |
_c51197 _d51197 |
||